Carregant...
English teachers activities handbook(Reference)
| Autor principal: | |
|---|---|
| Format: | Printed Book |
| Matèries: |
| LEADER | 00332 a2200097 4500 | ||
|---|---|---|---|
| 100 | |a Bergman, Floyd L | ||
| 245 | |a English teachers activities handbook(Reference) | ||
| 650 | |a Language Teaching | ||
| 942 | |c BK |2 ddc | ||
| 999 | |c 181682 |d 181682 | ||
| 952 | |0 0 |1 0 |4 0 |7 0 |9 200974 |a EDU |b EDU |c ST1 |d 2010-10-20 |i 3202 |l 1 |p EDU3202 |r 2015-04-07 |s 2010-11-22 |w 2010-10-20 |y BK | ||